000 00507nam a2200193 a 4500
001 1765606335478
003 YourLibrary
005 20251213114327.0
008 251213s2003##################000#0#eng##
020 _a9783631506196
082 0 4 _a616.8526
_bOLS
100 1 _aOlson, Greta,
_eauthor.
245 1 0 _aReading Eating Disorders :
260 _bPeter Lang Pub Incorporated,
_c2003.
300 _a300 pages
650 0 _aPsychology.
942 _cENGLISH
040 _aYourLibrary
_beng
_cYourLibrary
999 _c602313
_d602313